पोषण विज्ञान (Record no. 111902)

MARC details
000 -LEADER
fixed length control field 00960nam a22002537a 4500
005 - DATE AND TIME OF LATEST TRANSACTION
control field 20170124102931.0
010 ## - LIBRARY OF CONGRESS CONTROL NUMBER
LC control number B-205238
020 ## - INTERNATIONAL STANDARD BOOK NUMBER
Terms of availability 225.00
International Standard Book Number 8188631140
035 ## - SYSTEM CONTROL NUMBER
System control number B-205238
037 ## - SOURCE OF ACQUISITION
Source of stock number/acquisition Cen Lib/Ret
040 ## - CATALOGING SOURCE
Original cataloging agency DPL
Language of cataloging HN
082 ## - DEWEY DECIMAL CLASSIFICATION NUMBER
Classification number 613.28
Item number चौधरी
100 ## - MAIN ENTRY--PERSONAL NAME
Personal name चौधरी, ऋचा
9 (RLIN) 5680
245 ## - TITLE STATEMENT
Title पोषण विज्ञान
Statement of responsibility, etc ऋचा चौधरी
246 ## - VARYING FORM OF TITLE
Title proper/short title Poshan vigyan /
Remainder of title by Richa Chaudhary
260 ## - PUBLICATION, DISTRIBUTION, ETC. (IMPRINT)
Place of publication, distribution, etc दिल्ली
Name of publisher, distributor, etc कुनाल प्रकाशन
Date of publication, distribution, etc 2006
270 ## - ADDRESS
Address एल-४६, गली-5, शिव मार्ग, करतार नगर
City दिल्ली
Postal code 110053
300 ## - PHYSICAL DESCRIPTION
Extent 214पृ.
Dimensions 20सेमी (सजिल्द)
650 ## - SUBJECT ADDED ENTRY--TOPICAL TERM
Topical term or geographic name as entry element पोषण विज्ञान
9 (RLIN) 45003
650 ## - SUBJECT ADDED ENTRY--TOPICAL TERM
Topical term or geographic name as entry element पोषण
9 (RLIN) 45004
650 ## - SUBJECT ADDED ENTRY--TOPICAL TERM
Topical term or geographic name as entry element Nutrition Sciences
9 (RLIN) 45005
650 ## - SUBJECT ADDED ENTRY--TOPICAL TERM
Topical term or geographic name as entry element Nutrition
9 (RLIN) 9307
942 ## - ADDED ENTRY ELEMENTS (KOHA)
Source of classification or shelving scheme Dewey Decimal Classification
Koha item type Hindi Books
Classification part 613.28
Call number suffix चौधरी
Holdings
Withdrawn status Lost status Damaged status Not for loan Home library Current library Date acquired Source of acquisition Cost, normal purchase price Total Checkouts Full call number Barcode Date last seen Date checked out Copy number Cost, replacement price Price effective from Koha item type
        Central Library Central Library 06/08/2015 Cen Lib/Ret 225.00 2 613.28 चौधरी B-205238 06/03/2019 13/02/2019 1 225.00 06/08/2015 Hindi Books

© Delhi Public Library
Hit Counter
free hit counter